<?xml version="1.0" encoding="UTF-8"?>
<record
    xmlns:xsi="http://www.w3.org/2001/XMLSchema-instance"
    xsi:schemaLocation="http://www.loc.gov/MARC21/slim http://www.loc.gov/standards/marcxml/schema/MARC21slim.xsd"
    xmlns="http://www.loc.gov/MARC21/slim">

  <leader>01473nam a2200325 i 4500</leader>
  <controlfield tag="003">EG-GICUC</controlfield>
  <controlfield tag="005">20260121101231.0</controlfield>
  <controlfield tag="008">251116s2019    ly ||||fr|||| 00| 0 ara d</controlfield>
  <datafield tag="020" ind1=" " ind2=" ">
    <subfield code="a">9789959303004</subfield>
  </datafield>
  <datafield tag="040" ind1=" " ind2=" ">
    <subfield code="a"> EG-GICUC</subfield>
    <subfield code="b">ara</subfield>
    <subfield code="c"> EG-GICUC</subfield>
    <subfield code="d"> EG-GICUC</subfield>
    <subfield code="e">rda</subfield>
  </datafield>
  <datafield tag="041" ind1="0" ind2=" ">
    <subfield code="h">ara</subfield>
  </datafield>
  <datafield tag="082" ind1="0" ind2="4">
    <subfield code="2">21</subfield>
    <subfield code="a">345.0612</subfield>
    <subfield code="b">&#x62E; &#x644; . &#x642;</subfield>
  </datafield>
  <datafield tag="092" ind1="0" ind2="4">
    <subfield code="2">21</subfield>
  </datafield>
  <datafield tag="099" ind1=" " ind2=" ">
    <subfield code="a">Law1 07 345.2 &#x639; &#x635; . &#x62D; 2008 </subfield>
  </datafield>
  <datafield tag="100" ind1="0" ind2=" ">
    <subfield code="a">&#x62E;&#x644;&#x64A;&#x641;&#x629; &#x635;&#x627;&#x644;&#x62D; &#x627;&#x62D;&#x648;&#x627;&#x633;</subfield>
    <subfield code="e">&#x645;&#x624;&#x644;&#x641;.</subfield>
  </datafield>
  <datafield tag="245" ind1="1" ind2="2">
    <subfield code="a">&#x627;&#x644;&#x642;&#x627;&#x646;&#x648;&#x646; &#x627;&#x644;&#x625;&#x62F;&#x627;&#x631;&#x64A; &#x627;&#x644;&#x644;&#x64A;&#x628;&#x64A; &#x627;&#x644;&#x62D;&#x62F;&#x64A;&#x62B; / </subfield>
    <subfield code="c">&#x627;.&#x62F; &#x62E;&#x644;&#x64A;&#x641;&#x629; &#x635;&#x627;&#x644;&#x62D; &#x62D;&#x648;&#x627;&#x633;.</subfield>
  </datafield>
  <datafield tag="264" ind1=" " ind2="1">
    <subfield code="a">&#x644;&#x64A;&#x628;&#x64A;&#x627; :</subfield>
    <subfield code="b">&#x645;&#x643;&#x62A;&#x628;&#x629; &#x637;&#x631;&#x627;&#x628;&#x644;&#x633; &#x627;&#x644;&#x639;&#x644;&#x645;&#x64A;&#x629; &#x627;&#x644;&#x639;&#x627;&#x644;&#x645;&#x64A;&#x629; &#x60C; </subfield>
    <subfield code="c">2019.</subfield>
  </datafield>
  <datafield tag="300" ind1=" " ind2=" ">
    <subfield code="a">262 &#x635;&#x641;&#x62D;&#x629; &#x61B;</subfield>
    <subfield code="c">24 &#x633;&#x645;.</subfield>
  </datafield>
  <datafield tag="336" ind1=" " ind2=" ">
    <subfield code="2">rda content</subfield>
    <subfield code="a">text</subfield>
  </datafield>
  <datafield tag="337" ind1=" " ind2=" ">
    <subfield code="2">rda media</subfield>
    <subfield code="a">Computer</subfield>
  </datafield>
  <datafield tag="338" ind1=" " ind2=" ">
    <subfield code="2">rda carrier</subfield>
    <subfield code="a">Online Resource</subfield>
  </datafield>
  <datafield tag="500" ind1=" " ind2=" ">
    <subfield code="a">&#x645;&#x62A;&#x636;&#x645;&#x646;&#x627;&#x64B; &#x627;&#x647;&#x645; &#x627;&#x62D;&#x643;&#x627;&#x645; &#x642;&#x648;&#x627;&#x646;&#x64A;&#x646; &#x627;&#x644;&#x625;&#x62F;&#x627;&#x631;&#x629; &#x627;&#x644;&#x645;&#x62D;&#x644;&#x64A;&#x629; &#x631;&#x642;&#x645; 59 &#x644;&#x633;&#x646;&#x629; 2012&#x60C; &#x642;&#x627;&#x646;&#x648;&#x646; &#x639;&#x644;&#x627;&#x642;&#x627;&#x62A; &#x627;&#x644;&#x639;&#x645;&#x644; &#x631;&#x642;&#x645; 12 &#x644;&#x633;&#x646;&#x629; 2010&#x60C; &#x644;&#x623;&#x626;&#x62D;&#x629; &#x627;&#x644;&#x639;&#x642;&#x648;&#x62F; &#x627;&#x644;&#x625;&#x62F;&#x627;&#x631;&#x64A;&#x629; &#x631;&#x642;&#x645; 563 &#x644;&#x633;&#x646;&#x629; 2007&#x60C; &#x644;&#x623;&#x626;&#x62D;&#x629; &#x62A;&#x646;&#x638;&#x64A;&#x645; &#x627;&#x644;&#x62A;&#x639;&#x644;&#x64A;&#x645; &#x627;&#x644;&#x639;&#x627;&#x644;&#x64A; &#x631;&#x642;&#x645; 501 &#x644;&#x633;&#x646;&#x629; 2010.</subfield>
  </datafield>
  <datafield tag="504" ind1=" " ind2=" ">
    <subfield code="a">&#x64A;&#x634;&#x62A;&#x645;&#x644; &#x639;&#x644;&#x649; &#x625;&#x631;&#x62C;&#x627;&#x639;&#x627;&#x62A; &#x628;&#x628;&#x644;&#x64A;&#x648;&#x62C;&#x631;&#x627;&#x641;&#x64A;&#x629;</subfield>
  </datafield>
  <datafield tag="504" ind1=" " ind2=" ">
    <subfield code="a">&#x628;&#x628;&#x644;&#x64A;&#x648;&#x62C;&#x631;&#x627;&#x641;&#x64A;&#x627; &#x635;&#x641;&#x62D;&#x627;&#x62A; : (260-262).</subfield>
  </datafield>
  <datafield tag="546" ind1=" " ind2=" ">
    <subfield code="a">&#x627;&#x644;&#x646;&#x635; &#x628;&#x627;&#x644;&#x644;&#x63A;&#x629; &#x627;&#x644;&#x639;&#x631;&#x628;&#x64A;&#x629;</subfield>
  </datafield>
  <datafield tag="650" ind1="1" ind2=" ">
    <subfield code="a">&#x627;&#x644;&#x642;&#x627;&#x646;&#x648;&#x646; &#x627;&#x644;&#x625;&#x62F;&#x627;&#x631;&#x64A;</subfield>
  </datafield>
  <datafield tag="856" ind1="4" ind2="0">
    <subfield code="u">https://fll.law.cu.edu.eg/fulltext/bks/B07-00786.pdf</subfield>
  </datafield>
  <datafield tag="905" ind1=" " ind2=" ">
    <subfield code="a">33</subfield>
  </datafield>
  <datafield tag="942" ind1=" " ind2=" ">
    <subfield code="2">ddc</subfield>
    <subfield code="c">BK</subfield>
    <subfield code="e">21</subfield>
    <subfield code="n">0</subfield>
  </datafield>
  <datafield tag="999" ind1=" " ind2=" ">
    <subfield code="c">43724</subfield>
    <subfield code="d">43724</subfield>
  </datafield>
  <datafield tag="952" ind1=" " ind2=" ">
    <subfield code="0">0</subfield>
    <subfield code="1">0</subfield>
    <subfield code="2">ddc</subfield>
    <subfield code="4">0</subfield>
    <subfield code="7">1</subfield>
    <subfield code="8">&#x627;&#x644;&#x642;&#x627;&#x646;&#x648;&#x646; &#x627;&#x644;&#x625;&#x62F;&#x627;&#x631;&#x64A;</subfield>
    <subfield code="a">CU</subfield>
    <subfield code="b">LAW1</subfield>
    <subfield code="d">2025-11-16</subfield>
    <subfield code="l">0</subfield>
    <subfield code="o">Law1 07 345.2 &#x639; &#x635; . &#x62D; 2008 0700786 C1</subfield>
    <subfield code="p">B07-00786</subfield>
    <subfield code="r">2025-11-16 22:05:01</subfield>
    <subfield code="t">1</subfield>
    <subfield code="w">2025-11-16</subfield>
    <subfield code="y">BK</subfield>
  </datafield>
</record>
